000 00430nam a2200145Ia 4500
003 GCL
008 140319s9999 xx 000 0 ara d
040 _aGCL /
_cGCL
082 0 4 _a152.45
_bس ا
100 1 _aانطوان ا الهاشم
245 1 0 _aالاجهاد : اسبابة وعلاجة /
_cانطوان ا الهاشم
700 1 _aستورا، جان بنجامان
300 _a119 ص
490 _aزدنى علما
_v0
999 _c48288
_d48288